00945nabaa22002177a 4500003000400000005001700004008004100021040000700062100002600069245009000095300001500185500003700200505014700237505008900384650002700473650003300500650002400533650002300557700002700580773012000607OSt20260125195707.0190701b xxu||||| |||| 00| 0 spa d cPJ aCassagne, Juan Carlos13aEl acto administrativo en la Ley de Bases /cJuan Carlos Cassagne, Pablo E. Perrino.  ap. 273-298 aCita: TR LALEY AR/DOC/2190/2024  aSumario: I. Introducción.— II. Aspectos relevantes de la nueva regulación sobre el acto administrativo.— III. A modo de conclusión.  t¿Te interesa el texto completo? Comunicate al correo: koha@justierradelfuego.gov.ar 0aDERECHO ADMINISTRATIVO 0aPROCEDIMIENTO ADMINISTRATIVO 0aACTO ADMINISTRATIVO 0aREFORMA DEL ESTADO aPerrino, Pablo Esteban0 02842dBuenos Aires : AbeledoPerrot, 2012-oDA121tDerecho administrativo. Nº 155 septiembre/octubre 2024z18510590